|
|
|
|
| LEADER |
01294nam a2200301 a 4500 |
| 001 |
12021023 |
| 008 |
091229s2000 ctuab b 001 0 eng d |
| 010 |
|
|
|a 99074551
|
| 020 |
|
|
|a 007236792X (alk. paper)
|
| 040 |
|
|
|a FVC
|c FVC
|d DLC
|d BD-DhAAL
|
| 082 |
0 |
0 |
|a 327
|2 21
|
| 100 |
1 |
|
|a Rourke, John T.,
|d 1945-
|
| 245 |
1 |
0 |
|a World politics :
|b international politics on the world stage, brief /
|c John T. Rourke, Mark A. Boyer.
|
| 250 |
|
|
|a 3rd ed.
|
| 260 |
|
|
|a [Guilford, Conn.] :
|b Dushkin/McGraw-Hill,
|c c2000.
|
| 300 |
|
|
|a xxi, 479 p. :
|b ill., maps ;
|c 24 cm.
|
| 490 |
0 |
|
|a ConnecText
|
| 500 |
|
|
|a Concise version of: International politics on the world stage. 7th ed. c1999.
|
| 504 |
|
|
|a Includes bibliographical references (p. 453-467) and index.
|
| 541 |
1 |
|
|e 00009741
|
| 650 |
|
0 |
|a International relations.
|
| 650 |
|
0 |
|a World politics
|y 1989-
|
| 650 |
|
0 |
|a International economic relations.
|
| 700 |
1 |
|
|a Boyer, Mark A.
|
| 700 |
1 |
|
|a Rourke, John T.,
|d 1945-
|t International politics on the world stage.
|
| 852 |
4 |
|
|a Ayesha Abed Library
|j General Shelf.
|
| 999 |
|
|
|c 6480
|d 6480
|
| 952 |
|
|
|0 0
|1 0
|2 ddc
|4 0
|6 327_ROU_200000000000000
|7 0
|9 6577
|a BRACUL
|b BRACUL
|c GEN
|d 2009-12-29
|g 0.00
|l 3
|m 32
|o 327 ROU
|p 3010009741
|r 2024-09-19
|s 2024-07-07
|t 1
|w 2009-12-29
|y BK
|x No price found in the accession register.
|